[Event "Foxwoods op 08th"]
[Site "Ledyard"]
[Date "2006.04.13"]
[Round "3"]
[White "Pomerleano, Daniel"]
[Black "Ippolito, Dean"]
[Result "1/2-1/2"]
[WhiteElo "2266"]
[BlackElo "2414"]
[PlyCount "34"]
[EventDate "2006.04.12"]
[EventType "swiss"]
[EventRounds "9"]
[EventCountry "USA"]
[SourceTitle "CBM 111 Extra"]
[Source "ChessBase"]
[SourceDate "2006.05.09"]
[SourceVersion "1"]
[SourceVersionDate "2006.05.09"]
[SourceQuality "1"]

1. d4 Nf6 2. Nf3 d5 3. c4 e6 4. Nc3 c6 5. e3 Nbd7 6. Qc2 Bd6 7. Bd3 0-0 8. 0-0 e5 9. cxd5 cxd5 10. Nb5 Bb8 11. dxe5 Nxe5 12. Nxe5 Bxe5 13. Bd2 a6 14. Nd4 Qb6 15. Bc3 Bd7 16. f4 Bd6 17. Rf3 Rfe8 1/2-1/2

[Event "Calvia U2300 opB"]
[Site "Mallorca"]
[Date "2004.10.23"]
[Round "3"]
[White "Klings, Peter"]
[Black "Pomerleano, Daniel"]
[Result "1/2-1/2"]
[WhiteElo "2176"]
[BlackElo "2250"]
[PlyCount "49"]
[EventDate "2004.10.22"]
[EventType "swiss"]
[EventRounds "9"]
[EventCountry "ESP"]
[SourceTitle "EXT 2005"]
[Source "ChessBase"]
[SourceDate "2004.11.15"]
[SourceVersion "1"]
[SourceVersionDate "2004.11.15"]
[SourceQuality "1"]

1. e4 c5 2. Nf3 Nc6 3. Nc3 g6 4. g3 Bg7 5. Bg2 d6 6. 0-0 e5 7. d3 Nge7 8. Nd2 Rb8 9. a4 a6 10. Nc4 b5 11. axb5 axb5 12. Ne3 0-0 13. Ncd5 Nxd5 14. Nxd5 Ne7 15. Bg5 f6 16. Nxe7+ Qxe7 17. Bd2 Be6 18. Qe2 f5 19. exf5 gxf5 20. Ra5 d5 21. Rfa1 Rfe8 22. c3 Rb7 23. Ra8 Rbb8 24. R8a7 Rb7 25. Ra8 1/2-1/2